000 00696nam a2200205Ia 4500
005 20260121110106.0
008 008 260114s9999 xx 000 0 hin d
020 _a9788132364665
037 _aEBOOK
040 _aCRL
_bhin
_cCRL
041 _ahin
_2hin
084 _qCRL
100 _aआरोही बख्शी / Arohi Bakshi
_9941952
245 0 _aउदारीकरण का आर्थिक विकास पर असर / Udaarikaran Ka Arthik Vikas Par Asar
260 _bभाषा प्रकाशन / Bhasha Prakashan
_c2021
856 _uhttps://bhashaprakashan.com/product-details/379117
942 _cEBOOK
999 _c1533617
_d1533617